000
00218nam a22000977a 4500
999
_c
16145
_d
16145
003
OSt
008
200610b ||||| |||| 00| 0 eng d
100
_a
Charles Darwin
_9
4574
245
_a
The Origin of Species
942
_c
BK